| 000 | 00632nam a2200241Ia 4500 | ||
|---|---|---|---|
| 003 | OSt | ||
| 005 | 20221007063912.0 | ||
| 006 | a|||||r|||| 00| 0 | ||
| 007 | ta | ||
| 008 | 221006b |||||||| |||| 00| 0 eng d | ||
| 024 | _a23,778 | ||
| 037 | _cTextual | ||
| 040 |
_aFLL _cFLL _beng |
||
| 041 |
_2eng _aeng |
||
| 082 | _aZ2:94, B4 | ||
| 100 |
_aField C. D. _9682486 |
||
| 245 | 0 | _alaw of evidence in British India | |
| 250 | _a4th | ||
| 260 |
_aCalcutta _bThacker, Spink And Co. India _c1884 |
||
| 300 |
_axc,833,xxvii,32p _ccm. |
||
| 942 |
_hZ2:94, B4 _cTEXL _2CC |
||
| 999 |
_c1132510 _d1132510 |
||